000 00384nam a22001217a 4500
999 _c15146
_d15146
008 200305b ||||| |||| 00| 0 eng d
100 _941896
_aCayubit, Restituto A.
245 _aLeyte top fish producer in Eastern Visayas/
_cRestituto A. Cayubit.
260 _aPhilippines;
_bManila Bulletin,
_c©2019.
300 _apage 11;
_c29.5cm.
650 _aBusiness.
_941897
942 _2ddc
_cPER